Manual de derecho comunitario europeo (Registro nro. 62704)

Detalles MARC
000 -CABECERA
campo de control de longitud fija 00759nam a2200265Ia 4500
001 - NÚMERO DE CONTROL
campo de control 62704
003 - IDENTIFICADOR DEL NÚMERO DE CONTROL
campo de control 135138
005 - FECHA Y HORA DE LA ÚLTIMA TRANSACCIÓN
campo de control 20241130070628.0
008 - DATOS DE LONGITUD FIJA--INFORMACIÓN GENERAL
campo de control de longitud fija ||||||n9999 ||| || ||
041 ## - CÓDIGO DE LENGUA
Código de lengua del texto/banda sonora o título independiente spa
100 ## - ENTRADA PRINCIPAL--NOMBRE DE PERSONA
Nombre de persona Correa Henao, Néstor Raúl
9 (RLIN) 30001
245 #0 - MENCIÓN DE TÍTULO
Título Manual de derecho comunitario europeo
Resto del título una lectura desde Colombia
260 ## - PUBLICACIÓN, DISTRIBUCIÓN, ETC.
Lugar de publicación, distribución, etc. Bogotá :
Nombre del editor, distribuidor, etc. Fondo Editorial Cancillería de San Carlos,
Fecha de publicación, distribución, etc. 1997.
300 ## - DESCRIPCIÓN FÍSICA
Extensión 173p
490 ## - MENCIÓN DE SERIE
Mención de serie Academia
562 ## - NOTA DE IDENTIFICACIÓN DE LA COPIA Y VERSIÓN
Número de copias 0
650 ## - PUNTO DE ACCESO ADICIONAL DE MATERIA--TÉRMINO DE MATERIA
Término de materia o nombre geográfico como elemento de entrada COMUNIDAD EUROPEA
9 (RLIN) 9883
650 ## - PUNTO DE ACCESO ADICIONAL DE MATERIA--TÉRMINO DE MATERIA
Término de materia o nombre geográfico como elemento de entrada DERECHO COMUNITARIO
9 (RLIN) 10255
650 #0 - PUNTO DE ACCESO ADICIONAL DE MATERIA--TÉRMINO DE MATERIA
Término de materia o nombre geográfico como elemento de entrada Derecho internacional
9 (RLIN) 3831
650 ## - PUNTO DE ACCESO ADICIONAL DE MATERIA--TÉRMINO DE MATERIA
Término de materia o nombre geográfico como elemento de entrada INTEGRACION INTERNACIONAL
9 (RLIN) 10147
650 ## - PUNTO DE ACCESO ADICIONAL DE MATERIA--TÉRMINO DE MATERIA
Término de materia o nombre geográfico como elemento de entrada MANUAL
9 (RLIN) 317
650 #0 - PUNTO DE ACCESO ADICIONAL DE MATERIA--TÉRMINO DE MATERIA
Término de materia o nombre geográfico como elemento de entrada Política internacional
9 (RLIN) 2881
942 ## - ELEMENTOS DE PUNTO DE ACCESO ADICIONAL (KOHA)
Tipo de ítem Koha Documento Externo
942 ## - ELEMENTOS DE PUNTO DE ACCESO ADICIONAL (KOHA)
Tipo de ítem Koha Documento Externo

No hay ítems disponibles.